000 00606nam a2200217Ia 4500
003 OSt
005 20250712151321.0
008 210423s2014 xx 000 0 und d
020 _a978-93-5111-213-6
040 _cAL
041 _aEnglish
082 _a070.4
_bSHAI
100 _aJaved Shaikh
_9105761
245 _aIntroduction to mass communication and journalism
260 _aNew Delhi
_bRandom House
_c2014
300 _a289p.
_bHB
_c24x16.5cm.
365 _b1595
_cINR
650 _aJournalism & Media
_9105762
906 _acommunication ; Introduction ; journalism ; mass
942 _2ddc
_cBK
999 _c166439
_d166439